000 00950cam a22002777a 4500
003 CHAP
005 20220329134350.0
008 971013s1981 r 00010 d
010 _a19408
011 _a20380
035 _a24468
040 _cCHAP
090 _aD-136
110 2 _aCentro Internacional de Agricultura Tropical
_921185
245 1 0 _aPrincipales insectos que atacan el grano de frijol almacenado y su control (Diapositiva)
250 _a2 ed.
260 _a(Cali :
_bCentro Internacional de Agricultura Tropical,
_c1981
300 _a80 diapositivas col. 2 x 2 plg. 1 cassette, guía de estudio, guión
500 _aDiapositiva de la D-135 identicas guión varia
590 _aBATCH-UPD
_b10
_c20130109
_lUCH01
_h2352
590 _aCONVERSION
_b10
_c20130109
_lUCH01
_h1312
650 1 4 _aFrijol
_xAlmacenamiento
_xPlagas.
_943323
901 _aBK
942 _cD
949 _aD-136
_bBC
_cD
_d-56346
_eD
_gI. 122966
_h62888
_i24468
_si
999 _c19408
_d19408